BIBLE - Jean 3 v 16 - Statistiques

Statistiques générales
  • Ce quiz a été pris 93 fois
  • Le résultat moyen est 25 sur 30
Statistiques - réponses
Jean 3 v16 % Correct
a
95%
a
95%
Dieu
95%
il
93%
il
93%
le
93%
aimé
91%
Fils
91%
monde
91%
qu'
91%
qu'
91%
son
91%
unique,
90%
donné
86%
tant
86%
la
85%
que
84%
afin
83%
vie
83%
Car
81%
en
81%
éternelle.
77%
lui
77%
ne
77%
croit
75%
mais
74%
périsse
74%
point,
74%
ait
72%
quiconque
70%
Aucun quiz correspondant
Distribution des résultats
% des personnes avec chaque résultat
Percentile par nombre de réponses
Votre historique - résultats
Vous n’avez pas pris ce quiz